| 000 | 00937nam a22002297a 4500 | ||
|---|---|---|---|
| 999 |
_c99 _d99 |
||
| 003 | AR-CdUCM | ||
| 008 | 190221b ||||| |||| 00| 0 spn d | ||
| 040 |
_aMUNICIPALIDAD PROVINCIAL DEL CUSCO _cBIBLIOTECA MUNICIPAL DEL CUSCO |
||
| 082 |
_a869.1 / _bD99 |
||
| 100 |
_aD´amico, Silvio _9452 |
||
| 245 |
_aHistoria del Teatro Dramatico / _cD´amico, Silvio |
||
| 260 |
_aMexico _bHispano Americana _c1961 |
||
| 300 |
_a239 paginas ; _c21cm |
||
| 505 | _aContenido: t.2 -- El drama pastoral y la tragedia humanística en Italia, la comedia italiana del Renacimiento ... t.4 -- La reforma de la escena europea -- El teatro ruso -- El teatro español -- El drama alemán después de la primera guerra mundial | ||
| 650 |
_aGrecia y roma _9453 |
||
| 650 |
_aEdad media _9454 |
||
| 650 |
_aEl siglo XIX _9455 |
||
| 650 |
_aEl teatro contemporaneo _9456 |
||
| 700 |
_aSamper, Baltasar _9457 |
||
| 942 |
_2ddc _cLIBROS |
||
| 945 |
_apjha _d2019-02-21 |
||